000 00682nam a2200217Ia 4500
999 _c36192
_d36192
001 2095
003 GE_BSU
005 20221024151656.0
008 181216s2004ru xx |||||||||||||| ||rus||
020 _a9992849193
040 _cGE_BSU
041 _arus
080 _a1 Ч-97
100 _aЧхартишвили, Давид
_915488
245 _aAmor Fati :
_bПсевдотопотаксис. ч.1 /
_cДавид Чхартишвили.
264 _aБатуми :
_bЮридическая литература,
_c2004.
300 _a207 стр.:
_b21см
653 _aAmor Fati. Псевдотопотаксис
653 _aფილოსოფია
942 _cBK
_2udc